书目信息 |
| 题名: |
剑桥雅思考试题型透析
|
|
| 作者: | 杰克曼 , Jakeman , McDowell 著 | |
| 分册: | ||
| 出版信息: | 北京 外语教学与研究出版社 2002.04 |
|
| 页数: | 192页 | |
| 开本: | 28cm | |
| 丛书名: | ||
| 单 册: | ||
| 中图分类: | H310.41 | |
| 科图分类: | ||
| 主题词: | 英语--高等学校--入学考试, 国外--自学参考资料 , 英语 | |
| 电子资源: | ||
| ISBN: | 7-5600-2681-8 | |
| 000 | 00888nam0 2200265 45 | |
| 001 | 012003000000 | |
| 005 | 20041208143054.16 | |
| 010 | @a7-5600-2681-8@dCNY 49.20 | |
| 100 | @a20031208d2002 em y0chiy0121 ea | |
| 101 | 0 | @aeng |
| 102 | @aCN@b110000 | |
| 105 | @aakf z 000yy | |
| 200 | 1 | @a剑桥雅思考试题型透析@Ajian qiao ya si kao shi ti xing tou xi@dInsight into IELTS@e最新版@f(英)杰克曼(Vanessa Jakeman), Clare McDowell著@zeng |
| 210 | @a北京@c外语教学与研究出版社@d2002.04 | |
| 215 | @a192页@c图, 表格, 照片@d28cm | |
| 300 | @a外研社·剑桥雅思考试培训教程 | |
| 510 | 1 | @aInsight into IELTS@zeng |
| 606 | 0 | @a英语@x高等学校@x入学考试, 国外@j自学参考资料 |
| 606 | 0 | @a英语 |
| 690 | @aH310.41@v4 | |
| 701 | 1 | @a杰克曼@Ajie ke man@bV.@4著 |
| 701 | A1 | @aJakeman@bVanessa@4著 |
| 701 | A1 | @aMcDowell@bClare@4著 |
| 801 | 0 | @aCN@bQSSKw@c20041208 |
| 905 | @a10447@dH310.41@eJ702 | |
| 剑桥雅思考试题型透析=Insight into IELTS:最新版/(英)杰克曼(Vanessa Jakeman), Clare McDowell著.-北京:外语教学与研究出版社,2002.04 |
| 192页:图, 表格, 照片;28cm |
| 外研社·剑桥雅思考试培训教程 |
| ISBN 7-5600-2681-8:CNY 49.20 |
| ● |
| 相关链接 |
|
|
|
正题名:剑桥雅思考试题型透析
索取号:H310.41/J702
 
预约/预借
| 序号 | 登录号 | 条形码 | 馆藏地/架位号 | 状态 | 备注 |
| 1 | 432036 | 204320369 | 语言库209/209语言库 95排1列5层/ [索取号:H310.41/J702] | 在馆 | |
| 2 | 432037 | 204320378 | 语言库209/209语言库 95排1列5层/ [索取号:H310.41/J702] | 在馆 | |
| 3 | 898031 | 208980316 | 语言库209/209语言库 57排2列4层/ [索取号:H310.41/J702] | 在馆 |